000 00390nam a22001337a 4500
020 _a9789694171593
082 _a624.171
_bMEM
100 _aMemon, Bashir Ahmed
245 _aModern Methods of Structural Analysis using Matlab /
_cBashir Ahmed Memon
260 _aIslamabad :
_bHigher Education Commission,
_c2011.
300 _a516p. ;
_c24 cm.
563 _aPBK.
942 _2ddc
_cBK
999 _c589098
_d589098